The dynamics of decision support systems and expert systems

Αποθηκεύτηκε σε:
Λεπτομέρειες βιβλιογραφικής εγγραφής
Κύριος συγγραφέας: Liebowitz, Jay 1957-
Μορφή: Βιβλίο
Γλώσσα:English
Δημοσίευση: Chicago, Ill. : Dryden Press, c1990
Θέματα:
Ετικέτες: Προσθήκη ετικέτας
Δεν υπάρχουν, Καταχωρήστε ετικέτα πρώτοι!

MARC

LEADER 00000cam a2200000 i 4500
001 1/57996
008 941103s1990 eng d
020 |a 0030263832 
035 |a 1991  |c ΔΑΡΖΕΝΤΑΣ  |l 10045833 
040 |a GR-MY-UA  |b gre  |e aacr 
041 0 |a eng 
082 0 |a 006.33 
100 1 |a Liebowitz, Jay  |d 1957- 
245 1 4 |a The dynamics of decision support systems and expert systems /  |c Jay Liebowitz 
260 |a Chicago, Ill. :   |b Dryden Press,   |c c1990 
300 |a xvi, 211 p.;  |c 24 cm. 
500 |a Includes bibliographies and index 
650 0 0 |a Expert systems (Computer science) 
650 0 0 |a Decision support systems. 
852 |a INST  |b SAMOS  |e 19941103  |h 006.33 LIE  |p 005300005921  |q 005300005921  |t BK  |y 0 
909 |a Σ  |b 020791